00989nam a2200205 a 450000100100000000500170001000800410002704000250006808200120009311000320010524000180013724502130015525000120036826000500038030000210043095201070045195201010055895201070065999900170076600004099220201002034532.0090715s2011 dr 000 0 spa d aDO-SdBNPbspacBNPHU axxxbxx1 aRepública Dominicana944710a[Leyes, etc.]10aCódigo de comercio de la República Dominicana / :bactualizado con las leyes 3-02 y 146-02; 479-08 completa (Mod. por ley 178-09 y 31-11) y otras actualizaciones hecha por la suprema en la edición 2007. a7a. ed. aMoca, República Dominicana :bDalis,c2011. a432 p. ;c15 cm. 00102ddc718DSaGRbGRcCTd2013-09-12iLF1l0oxxx xxp40992-30r2020-06-25te. 3w2020-06-25yLFDS 00102ddc718PDaPDbPDcCTd2013-09-12iLF1l0oxxx xxp40992-10r2020-06-25w2020-06-25yLFPD 00102ddc718PDaPDbPDcCTd2013-09-12iLF1l0oxxx xxp40992-20r2020-06-25te. 2w2020-06-25yLFPD c40482d40482